书目信息 |
| 题名: |
录象机使用·维修·图集
|
|
| 作者: | 徐维良 编 | |
| 分册: | 5 | |
| 出版信息: | 北京 电子工业出版社 1987 |
|
| 页数: | 106页 | |
| 开本: | 26cm | |
| 丛书名: | ||
| 单 册: | ||
| 中图分类: | TN946 , TN646 | |
| 科图分类: | ||
| 主题词: | 电声器件 , 磁带录像机 | |
| 电子资源: | ||
| ISBN: | ||
| 000 | 00679nam0 2200253 45 | |
| 001 | 0187006589 | |
| 005 | 20061124091613.98 | |
| 010 | @dCNY11.50 | |
| 091 | @a15290.575 | |
| 100 | @a19900903d1987 em y0chiy0121 ea | |
| 101 | 0 | @achi |
| 102 | @aCN@b110000 | |
| 105 | @aa z 000yy | |
| 200 | 10 | @a录象机使用·维修·图集@Alu xiang ji shi yong wei xiu tu ji@h5@f徐维良编 |
| 210 | @a北京@c电子工业出版社@d1987 | |
| 215 | @a106页@c图@d26cm | |
| 606 | 0 | @a电声器件 |
| 606 | @a磁带录像机 | |
| 690 | @aTN946@v3 | |
| 690 | @aTN646 | |
| 701 | 0 | @a徐维良@Axu wei liang@4编 |
| 801 | 2 | @aCN@bNLC@c20061124 |
| 801 | 0 | @aCN@b深圳图书馆@c20040518 |
| 905 | @f1@b204323@dTN646@e42:5 | |
| 录象机使用·维修·图集.5/徐维良编.-北京:电子工业出版社,1987 |
| 106页:图;26cm |
| ISBN :CNY11.50 |
| ● |
| 相关链接 |
|
|
|
|
正题名:录象机使用·维修·图集
索取号:TN646/42:5
 
预约/预借
| 序号 | 登录号 | 条形码 | 馆藏地/架位号 | 状态 | 备注 |
| 1 | 0226208 | 001328245 | 第二样本阅览室/ [索取号:TN646/42:5] | 在馆 |